Physik und Philosophie. (Record no. 123516)
[ view plain ]
| 000 -LEADER | |
|---|---|
| fixed length control field | 00889cam a22003011 4500 |
| 001 - CONTROL NUMBER | |
| control field | 10322593 |
| 003 - CONTROL NUMBER IDENTIFIER | |
| control field | ARRUPE |
| 005 - DATE AND TIME OF LATEST TRANSACTION | |
| control field | 20151019104017.0 |
| 008 - FIXED-LENGTH DATA ELEMENTS--GENERAL INFORMATION | |
| fixed length control field | 900301s1959 gw 000 0 ger |
| 010 ## - LIBRARY OF CONGRESS CONTROL NUMBER | |
| LC control number | 63055732 |
| 035 ## - SYSTEM CONTROL NUMBER | |
| System control number | (OCoLC)21138949 |
| 040 ## - CATALOGING SOURCE | |
| Original cataloging agency | DLC |
| Transcribing agency | CLU |
| Modifying agency | DLC |
| 041 1# - LANGUAGE CODE | |
| Language code of text/sound track or separate title | ger |
| Language code of original and/or intermediate translations of text | eng |
| 042 ## - AUTHENTICATION CODE | |
| Authentication code | premarc |
| 050 00 - LIBRARY OF CONGRESS CALL NUMBER | |
| Classification number | QC6 |
| Item number | .H3415 1959 |
| 300 ## - PHYSICAL DESCRIPTION | |
| Dimensions | 18 cm. |
| 100 1# - MAIN ENTRY--PERSONAL NAME | |
| Personal name | Heisenberg, Werner, |
| Dates associated with a name | 1901-1976 |
| 9 (RLIN) | 13868 |
| 240 10 - UNIFORM TITLE | |
| Uniform title | <a href="Physics and philosophy.">Physics and philosophy.</a> |
| Language of a work | German |
| 245 10 - TITLE STATEMENT | |
| Title | Physik und Philosophie. |
| 250 ## - EDITION STATEMENT | |
| Edition statement | [Deutsche Originalausgabe. |
| 260 ## - PUBLICATION, DISTRIBUTION, ETC. (IMPRINT) | |
| Place of publication, distribution, etc | Frankfurt/M., |
| Name of publisher, distributor, etc | Ullstein Taschenbücher-Verlag, |
| Date of publication, distribution, etc | 1959] |
| 300 ## - PHYSICAL DESCRIPTION | |
| Extent | 196 p.; |
| 490 0# - SERIES STATEMENT | |
| Series statement | Ulistein Buch |
| Volume number/sequential designation | Nr 249 |
| 500 ## - GENERAL NOTE | |
| General note | Ullstein Buch, Nr. 249. |
| 650 #0 - SUBJECT ADDED ENTRY--TOPICAL TERM | |
| Topical term or geographic name as entry element | Physics |
| General subdivision | Philosophy. |
| 9 (RLIN) | 20280 |
| 650 #0 - SUBJECT ADDED ENTRY--TOPICAL TERM | |
| Topical term or geographic name as entry element | Quantum theory. |
| 9 (RLIN) | 20281 |
| 906 ## - LOCAL DATA ELEMENT F, LDF (RLIN) | |
| a | 7 |
| b | cbc |
| c | oclcrpl |
| d | u |
| e | ncip |
| f | 19 |
| g | y-gencatlg |
| 942 ## - ADDED ENTRY ELEMENTS (KOHA) | |
| Source of classification or shelving scheme | Library of Congress Classification |
| Koha item type | Monograph ( Printed materials) |
| Withdrawn status | Lost status | Source of classification or shelving scheme | Damaged status | Not for loan | Collection code | Home library | Current library | Shelving location | Date acquired | Total Checkouts | Full call number | Barcode | Date last seen | Price effective from | Koha item type |
|---|---|---|---|---|---|---|---|---|---|---|---|---|---|---|---|
| Library of Congress Classification | Main Collection | ARRUPE LIBRARY | ARRUPE LIBRARY | Main Collection | 14/10/2015 | QC6.H3415 1959 | 46500005500 | 02/07/2019 | 14/10/2015 | Monograph ( Printed materials) |